Plastics waste recovery of economic value

Bibliographic Details
Main Author: Leidner, Jacob (Author)
Format: Book
Published: New York Marcel Dekker 1981
Series:Plastics engineering ; 1
Subjects:

MARC

LEADER 00000cam a2200000 7i4500
001 0000000269
008 021118n
090 0 0 |a TD798  |b .L44 
100 0 |a Leidner, Jacob  |e author 
245 0 0 |a Plastics waste   |b recovery of economic value   |c Jacob Leidner 
260 2 |a New York   |b Marcel Dekker  |c 1981 
300 |a 317 p. ;  |c 23 cm 
440 0 0 |a Plastics engineering ; 1 
650 0 |a Plastic scrap  |x Recycling 
999 |a 1000035527  |b Book  |c OPEN SHELF (30 DAYS)  |e Gong Badak Campus